| 000 | 00510nam a2200181Ia 4500 | ||
|---|---|---|---|
| 999 |
_c34129 _d34129 |
||
| 003 | OSt | ||
| 005 | 20200916132652.0 | ||
| 008 | 190216s9999||||xx |||||||||||||| ||und|| | ||
| 020 | _a9798189638572 | ||
| 040 | _coclc | ||
| 082 |
_a621.380414 _bARU/O |
||
| 100 |
_aArumugam, M _94622 |
||
| 245 | 0 |
_aOptical Communication / _cM Arumugam |
|
| 260 |
_bAnuradha Agencies, _aChennai: _c2006. |
||
| 300 | _a232p | ||
| 650 | _aPhysics | ||
| 942 |
_cBK _2ddc _h621.380414 _iARU/O _k621.380414 _mARU/O |
||